书目信息 |
| 题名: |
英汉生物化学及分子生物学词典 . 上册
|
|
| 作者: | 谭景莹 编 ;李玉瑞 审校 | |
| 分册: | 上 | |
| 出版信息: | 北京 科学出版社 2007 |
|
| 页数: | 1210页 | |
| 开本: | 21cm | |
| 丛书名: | ||
| 单 册: | ||
| 中图分类: | Q7-61 , Q5-61 | |
| 科图分类: | ||
| 主题词: | 分子生物学--英语--汉语--词典 , 生物化学 , 生物化学--英语--汉语--词典 , 分子生物学 | |
| 电子资源: | ||
| ISBN: | 7-03-017166-7 | |
| 000 | 01131nam0 2200301 450 | |
| 001 | 07079000337 | |
| 005 | 20070721104247.15 | |
| 010 | @a7-03-017166-7@b精装@dCNY67.50(135.00套价) | |
| 100 | @a20060426d2007 em y0chiy0110 ea | |
| 101 | 0 | @achi@aeng |
| 102 | @aCN@b110000 | |
| 105 | @ay e 000yy | |
| 200 | 1 | @a英汉生物化学及分子生物学词典 . 上册@Aying han sheng wu hua xue ji fen zi sheng wu xue ci dian.shang ce@dEnglish-Chinese dictionary of biochemistry and molecular biology@h上@f谭景莹编@g李玉瑞审校@zeng |
| 205 | @a2版 | |
| 210 | @a北京@c科学出版社@d2007 | |
| 215 | @a1210页@d21cm | |
| 330 | @a本词典收集生物化学、分子生物学及与其相关的细胞生物学、免疫学、遗传学、微生物学及医药学等方面词条约26500条。 | |
| 510 | 1 | @aEnglish-Chinese dictionary of biochemistry and molecular biology@zeng |
| 606 | 0 | @a分子生物学@x英语@x汉语@j词典 |
| 606 | 0 | @a生物化学 |
| 606 | 0 | @a生物化学@x英语@x汉语@j词典 |
| 606 | 0 | @a分子生物学 |
| 690 | @aQ7-61@v4 | |
| 690 | @aQ5-61@v4 | |
| 701 | 0 | @a谭景莹@Atan jing ying@4编 |
| 702 | 0 | @a李玉瑞@Ali yu rui@4审校 |
| 801 | 0 | @aCN@bNLC@c20070721 |
| 905 | @a10447@dQ5-61@e161:1=2 | |
| 英汉生物化学及分子生物学词典 . 上册=English-Chinese dictionary of biochemistry and molecular biology.上/谭景莹编/李玉瑞审校.-2版.-北京:科学出版社,2007 |
| 1210页;21cm |
| ISBN 7-03-017166-7(精装):CNY67.50(135.00套价) |
| 本词典收集生物化学、分子生物学及与其相关的细胞生物学、免疫学、遗传学、微生物学及医药学等方面词条约26500条。 |
| ● |
| 相关链接 |
|
|
|
|
正题名:英汉生物化学及分子生物学词典 . 上册
索取号:Q5-61/161:1=2
 
预约/预借
| 序号 | 登录号 | 条形码 | 馆藏地/架位号 | 状态 | 备注 |
| 1 | 0822562 | 208225623 | 第二样本阅览室/ [索取号:Q5-61/161:1=2] | 在馆 | |
| 2 | 0822563 | 208225632 | 第三借阅区/ [索取号:Q5-61/161:1=2] | 在馆 | |
| 3 | 0822564 | 208225641 | 第三借阅区/ [索取号:Q5-61/161:1=2] | 在馆 |